Équipe de Serbie de Football - Tous les joueurs (2010-....) - Statistiques

Statistiques générales
  • Ce quiz a été pris 169 fois
    21 depuis la dernière actualisation
  • Le résultat moyen est 26 sur 219
Statistiques - réponses
Première sélection Dernière sélection Joueur Nb de sélections % Correct
2013 Aleksandar Mitrovic 104
76%
2020 Dusan Vlahovic 41
76%
2010 2010 Nikola Mitrovic 1
76%
2017 Sergej Milinkovic-Savic 54
76%
2014 2022 Stefan Mitrovic 36
76%
2022 Stefan Mitrovic 10
76%
2021 Vanja Milinkovic-Savic 19
76%
2008 2024 Dusan Tadic 111
59%
2016 2016 Andrija Pavlovic 5
53%
2015 Filip Kostic 70
53%
2018 Nikola Milenkovic 69
53%
2020 Strahinja Pavlovic 52
53%
2008 2020 Aleksandar Kolarov 94
47%
2024 Andrija Maksimovic 8
47%
2016 Nemanja Maksimovic 60
47%
2012 2020 Nikola Maksimovic 25
47%
2005 2018 Branislav Ivanovic 105
41%
2017 2017 Djordje Ivanovic 1
41%
2024 Mihailo Ivanovic 1
41%
2025 Aleksandar Stankovic 4
35%
2025 Andrej Ilic 1
35%
2011 2011 Brana Ilic 1
35%
1998 2013 Dejan Stankovic 103
35%
2021 Djordje Petrovic 11
35%
2021 Ivan Ilic 24
35%
2023 Luka Ilic 1
35%
2021 2021 Marko Ilic 1
35%
2014 Nemanja Gudelj 74
35%
2023 Nemanja Petrovic 1
35%
2017 Nemanja Radonjic 46
35%
2016 2016 Nikola Stankovic 1
35%
2009 2015 Radosav Petrovic 44
35%
2010 2010 Vojislav Stankovic 1
35%
2002 2014 Danko Lazovic 47
29%
2008 2023 Darko Lazovic 29
29%
2012 2016 Lazar Markovic 22
29%
2002 2011 Nemanja Vidic 56
29%
2013 Andrija Zivkovic 61
24%
2021 Arandjel Stojkovic 1
24%
2024 Jan-Carlo Simic 6
24%
2025 Jovan Milosevic 1
24%
2018 Luka Jovic 50
24%
2008 2019 Nemanja Matic 48
24%
2021 2021 Nenad Lukic 2
24%
2013 Predrag Rajkovic 43
24%
2018 Sasa Lukic 60
24%
2008 2016 Slobodan Rajkovic 19
24%
2023 Veljko Simic 1
24%
2006 2018 Vladimir Stojkovic 84
24%
2016 Aleksandar Jovanovic 1
18%
2016 2016 Bogdan Mladenovic 1
18%
2011 2011 Branislav Jovanovic 1
18%
2022 Djordje Jovanovic 4
18%
2012 2024 Filip Mladenovic 34
18%
2024 Kosta Nedeljkovic 8
18%
2017 2017 Lazar Jovanovic 1
18%
2017 Marko Dmitrovic 19
18%
2015 Marko Petkovic 4
18%
2007 2012 Milan Jovanovic 44
18%
2006 2011 Milos Krasic 46
18%
2009 2013 Neven Subotic 36
18%
2023 Nikola Petkovic 1
18%
2016 2017 Sasa Jovanovic 2
18%
2015 Aleksandar Katai 13
12%
2007 2019 Antonio Rukavina 59
12%
2006 2012 Bosko Jankovic 31
12%
2005 2018 Dusan Basta 18
12%
2017 Milos Veljkovic 39
12%
2008 2011 Nenad Milijas 25
12%
2004 2011 Nikola Zigic 57
12%
2022 Strahinja Erakovic 18
12%
2010 2020 Adem Ljajic 47
6%
2005 2012 Aleksandar Lukovic 28
6%
2016 2016 Aleksandar Pesic 1
6%
2021 Aleksandar Popovic 1
6%
2017 2019 Aleksandar Prijovic 13
6%
2021 Aleksa Terzic 13
6%
2012 2013 Alen Stevanovic 3
6%
2010 2010 Andelko Djuricic 4
6%
2012 2012 Branimir Aleksic 1
6%
2008 2018 Danijel Aleksic 2
6%
2021 Dejan Joveljic 7
6%
2009 2012 Dejan Lekic 10
6%
2023 Filip Damjanovic 1
6%
2012 2014 Filip Djordjevic 14
6%
2012 2023 Filip Djuricic 44
6%
2008 2018 Ivan Obradovic 27
6%
2011 2011 Jovan Damjanovic 1
6%
2021 2021 Kosta Aleksic 2
6%
2023 Lazar Samardzic 26
6%
2007 2019 Ljubomir Fejsa 25
6%
2021 2021 Marko Gajic 1
6%
2016 Marko Grujic 30
6%
2023 Marko Mijailovic 1
6%
2017 2017 Marko Mrkic 1
6%
2003 2011 Marko Pantelic 43
6%
2017 Mijat Gacinovic 28
6%
2006 2014 Milan Bisevac 19
6%
2021 Milan Gajic 2
6%
2019 2019 Milan Pavkov 1
6%
2021 2021 Milan Radin 1
6%
2018 2019 Milan Rodic 7
6%
2021 2021 Mile Svilar 1
6%
2009 2012 Milos Ninkovic 28
6%
2018 2019 Nemanja Miletic 3
6%
2016 2017 Nemanja Miletic 2
6%
2016 2017 Nemanja Radoja 2
6%
2016 Nikola Maras 2
6%
2021 2021 Nikola Stevanovic 1
6%
2025 Ognjen Ugresic 1
6%
2008 2012 Pavle Ninkov 9
6%
2023 Petar Ratkov 3
6%
2024 2024 Samed Bazdar 1
6%
2016 2021 Slobodan Urosevic 3
6%
2012 2024 Srdjan Mijailovic 8
6%
2012 2012 Srdjan Mijailovic 5
6%
2025 Vasilije Kostov 1
6%
2021 Veljko Birmancevic 13
6%
2016 2016 Vladimir Kovacevic 1
6%
2007 2014 Zdravko Kuzmanovic 50
6%
2010 2015 Zeljko Brkic 11
6%
2021 Aleksandar Andrejevic 1
0%
2021 2021 Aleksandar Busnic 1
0%
2010 2010 Aleksandar Davidov 1
0%
2012 2016 Aleksandar Ignjovski 12
0%
2017 2017 Aleksandar Palocevic 1
0%
2016 2016 Aleksandar Sedlar 2
0%
2021 2021 Aleksa Pejic 2
0%
2010 2011 Andrija Kaluderovic 3
0%
2008 2010 Bojan Isailovic 4
0%
2010 2011 Bojan Jorgacevic 7
0%
2011 2011 Bojan Saranov 1
0%
2013 2013 Branislav Trajkovic 1
0%
2018 Branko Jovicic 2
0%
2008 2016 Damir Kahriman 8
0%
2015 2016 Darko Brasanac 3
0%
2025 Dejan Zukic 1
0%
2011 2011 Dimitrije Injac 1
0%
2008 2014 Dragan Mrda 14
0%
2023 Dragan Rosic 1
0%
2011 2011 Dusan Petronijevic 1
0%
2006 2018 Dusko Tosic 26
0%
2019 2019 Emil Rockov 1
0%
2017 2017 Enver Alivodic 1
0%
2022 Erhan Masovic 5
0%
2016 2016 Filip Kljajic 1
0%
2017 Filip Manojlovic 1
0%
2007 2012 Gojko Kacar 25
0%
2010 2013 Ivan Radovanovic 10
0%
2000 2010 Ivica Dragutinovic 50
0%
2009 2018 Jagos Vugovic 8
0%
2017 2017 Jovan Djokic 1
0%
2021 Jovan Nisic 2
0%
2021 2021 Jovan Vlalukin 2
0%
2024 Kristijan Belic 2
0%
2020 Lazar Randjelovic 1
0%
2021 Lazar Tufegdzic 2
0%
2012 2020 Luka Milivojevic 38
0%
2016 2019 Marko Gobeljic 3
0%
2023 Marko Ivezic 1
0%
2021 2021 Marko Jevremovic 1
0%
2017 2017 Marko Jevtovic 1
0%
2017 2017 Marko Klisura 1
0%
2010 2012 Marko Lomic 3
0%
2010 2011 Marko Miric 3
0%
2016 2016 Marko Poletanovic 1
0%
2012 2013 Marko Scepovic 5
0%
2012 2022 Matija Nastasic 34
0%
2016 Mihailo Ristic 9
0%
2025 Mihajlo Cvetkovic 2
0%
2010 2010 Milan Jovanic 3
0%
2014 2014 Milan Lukac 1
0%
2021 2021 Milan Makaric 1
0%
2011 2011 Milan Vilotic 3
0%
2021 2021 Miljan Vukadinovic 2
0%
2021 Milos Gordic 1
0%
2013 2014 Milos Jojic 5
0%
2015 2015 Milos Kosanovic 1
0%
2023 Milos Pantovic 1
0%
2017 2017 Milos Simonovic 1
0%
2016 2016 Milos Stanojevic 1
0%
2010 2010 Milovan Milovic 1
0%
2008 2016 Miralem Sulejmani 20
0%
2023 Mirko Topic 4
0%
2019 Miroslav Bogosavac 1
0%
2008 2014 Miroslav Vulicevic 3
0%
2017 Nemanja Calasan 1
0%
2021 2021 Nemanja Covic 2
0%
2021 Nemanja Micevic 1
0%
2016 2019 Nemanja Milunovic 4
0%
2008 2016 Nemanja Pejcinovic 3
0%
2023 Nemanja Stojic 4
0%
2010 2012 Nemanja Tomic 5
0%
2013 2017 Nenad Krsticic 4
0%
2008 2015 Nenad Tomovic 22
0%
2017 Nikola Aksentijevic 2
0%
2010 2010 Nikola Beljic 1
0%
2016 2017 Nikola Cirkovic 2
0%
2024 Nikola Cumic 2
0%
2013 2013 Nikola Djurdjic 1
0%
2016 2016 Nikola Stojiljkovic 4
0%
2023 Nikola Stulic 2
0%
2025 Ognjen Mimovic 4
0%
2016 2016 Ognjen Ozegovic 1
0%
2015 2015 Petar Skuletic 6
0%
2007 2011 Ranko Despotovic 4
0%
2021 Ranko Veselinovic 2
0%
2016 Sasa Zdjelar 9
0%
2022 Srdan Babic 10
0%
2016 2017 Srdjan Plavsic 2
0%
2017 2017 Stefan Panic 1
0%
2012 2014 Stefan Scepovic 8
0%
2021 Uros Racic 13
0%
2015 2024 Uros Spajic 21
0%
2025 Veljko Milosavljevic 2
0%
2010 2011 Veseljko Trivunovic 6
0%
2023 Vladimir Lucic 1
0%
2011 2011 Vladimir Volkov 1
0%
2007 2016 Zoran Tosic 76
0%
Aucun quiz correspondant
Distribution des résultats
% des personnes avec chaque résultat
Percentile par nombre de réponses
Votre historique - résultats
Vous n’avez pas pris ce quiz depuis la dernière actualisation